[Event "Druzynowe Mistrzostwa Polski Juniorow 2018 - II Liga"]
[Site "Szczyrk"]
[Date "1899-12-30"]
[Round "9.48"]
[White "Skolska, Emilia"]
[Black "Krzanowska, Liliana"]
[Result "1-0"]
[WhiteTitle "I"]
[BlackTitle "I"]
[WhiteElo "1157"]
[BlackElo "1000"]

1. e4 c5 2. Nf3 d6 3. d4 cxd4 4. Nxd4 Nf6 5. Nc3 g6 6. Be3 Bg7 7. f3 Nc6 8. Bc4
a6 9. Qd2 O-O 10. O-O-O Nxd4 11. Bxd4 b5 12. Bb3 Bb7 13. h4 h5 14. Be3 Kh7 15.
Nd5 Bxd5 16. Bxd5 Rb8 17. Kb1 Qc7 18. Qf2 e6 19. Bb3 Rfd8 20. Qg3 Rbc8 21. Rd2
Rd7 22. Bf4 e5 23. Bg5 Ng8 24. Rhd1 Bh6 25. f4 Bxg5 26. Qxg5 Kg7 27. fxe5 Qd8
28. Qxd8 Rcxd8 29. Rxd6 Rxd6 30. Rxd6 Re8 31. e6 f6 32. Rxa6 Rd8 33. Kc1 Rd4 34.
Bd5 Ne7 35. Ra7 Kf8 36. Rd7 Nxd5 37. exd5 Ke8 38. d6 g5 39. hxg5 fxg5 40. Rg7
g4 41. Rg8# 1-0

[Event "Druzynowe Mistrzostwa Polski Juniorow 2018 - II Liga"]
[Site "Szczyrk"]
[Date "1899-12-30"]
[Round "9.50"]
[White "Radecki, Adam"]
[Black "Fiszer, Bartosz"]
[Result "0-1"]
[WhiteTitle "I"]
[BlackTitle "CM"]
[WhiteElo "1702"]
[BlackElo "2011"]

1. e4 c5 2. d3 Nc6 3. g3 g6 4. Bg2 Bg7 5. Nf3 d6 6. Nbd2 e5 7. O-O Nge7 8. Nh4
O-O 9. c3 f5 10. exf5 Nxf5 11. Nxf5 gxf5 12. Qb3+ Kh8 13. f4 Qe7 14. Nf3 Be6 15.
Qd1 Bf6 16. h4 Bd5 17. Ng5 Bxg2 18. Kxg2 Bxg5 19. hxg5 e4 20. Re1 d5 21. b4 Rad8
22. b5 Na5 23. Bb2 c4 24. d4 b6 25. a4 Qf7 26. Rc1 a6 27. Rh1 axb5 28. axb5 Nb3
29. Rc2 Ra8 30. Rh6 Rg8 31. Rf6 Qd7 32. Qh5 Qe8 33. Qh3 e3 34. Rh6 Rg7 35. g6
Raa7 36. Re2 Rxg6 37. Rxg6 Qxg6 38. Rxe3 Ra2 39. Re2 Nc1 40. Qh4 Nxe2 41. Qd8+
Kg7 42. Qe7+ Kh6 43. Qh4+ Kg7 44. Qe7+ Qf7 45. Qg5+ Kf8 46. Qd8+ Qe8 47. Qf6+
Kg8 48. Qg5+ Kf7 49. Qxf5+ Ke7 50. Qe5+ Kd8 51. Qb8+ Kd7 52. Qb7+ Ke6 53. Qc7
Nxf4+ 54. Qxf4 Rxb2+ 55. Kg1 Qh5 56. Qe3+ Kd7 0-1

[Event "Druzynowe Mistrzostwa Polski Juniorow 2018 - II Liga"]
[Site "Szczyrk"]
[Date "1899-12-30"]
[Round "9.51"]
[White "Cwiek, Ryszard"]
[Black "Piechota, Kamil"]
[Result "1/2-1/2"]
[WhiteTitle "I"]
[BlackTitle "II"]
[WhiteElo "1741"]
[BlackElo "1521"]

1. e4 e5 2. Nf3 Nc6 3. Nc3 Nf6 4. d4 exd4 5. Nxd4 Bb4 6. Nxc6 bxc6 7. Bd3 O-O 8.
O-O d5 9. exd5 cxd5 10. Bg5 c6 11. Qf3 h6 12. Bf4 Be6 13. h3 Re8 14. a3 Bd6 15.
Rfe1 Rb8 16. b3 Qc7 17. Bxd6 Qxd6 18. Qg3 Qxg3 19. fxg3 Bd7 20. Na4 Rxe1+ 21.
Rxe1 Re8 22. Rxe8+ Bxe8 23. Nc5 Nd7 24. Nxd7 Bxd7 25. b4 Kf8 26. Kf2 Ke7 27. Ke3
g6 28. g4 Kd6 29. Kd4 Be6 30. c3 Bc8 31. a4 Bd7 1/2-1/2

[Event "Druzynowe Mistrzostwa Polski Juniorow 2018 - II Liga"]
[Site "Szczyrk"]
[Date "1899-12-30"]
[Round "9.52"]
[White "Kubik, Rafal"]
[Black "Cwiek, Stefan"]
[Result "0-1"]
[WhiteTitle "III"]
[BlackTitle "II"]
[WhiteElo "1199"]
[BlackElo "1238"]

1. e4 e5 2. Nf3 Nc6 3. Bc4 Bc5 4. d3 h6 5. c3 Nf6 6. Bb3 d5 7. exd5 Nxd5 8. Nbd2
Nf4 9. O-O O-O 10. Ne4 Nxd3 11. Bc2 Nxc1 12. Rxc1 Bd6 13. Nxd6 cxd6 14. Qd3 f5
15. Rcd1 e4 16. Qd5+ Kh8 17. Nd2 Ne7 18. Qd4 d5 19. Ba4 Nc6 20. Bxc6 bxc6 21.
Rfe1 Re8 22. Nc4 Ba6 23. Ne3 f4 24. Ng4 Qg5 25. h3 h5 26. Nh2 f3 27. g3 Qf5 28.
g4 Qg5 29. Re3 Qh4 0-1

[Event "Druzynowe Mistrzostwa Polski Juniorow 2018 - II Liga"]
[Site "Szczyrk"]
[Date "1899-12-30"]
[Round "9.53"]
[White "Szelejewska, Maria"]
[Black "Obrochta, Lena"]
[Result "0-1"]
[WhiteTitle "I"]
[BlackTitle "I"]
[WhiteElo "1184"]
[BlackElo "1422"]

1. e4 e5 2. Nf3 Nc6 3. Nc3 Nf6 4. Bc4 Bc5 5. d3 d6 6. h3 h6 7. O-O O-O 8. Bd2 Na5
9. Bb3 Nxb3 10. axb3 a6 11. Nh2 Be6 12. Qe2 Nh7 13. Kh1 f5 14. exf5 Bxf5 15. Ne4
Bb6 16. Ng3 Bd7 17. Rae1 Qh4 18. Nf3 Qf6 19. Ne4 Qf7 20. Kh2 Nf6 21. Ng3 Nd5 22.
Bc1 Nf4 23. Qd1 Nxh3 24. gxh3 Qxf3 25. Re2 Bc6 26. Ne4 Bd7 27. Ng3 Rf7 28. Qe1
h5 29. Bg5 Raf8 30. Re3 Bxe3 31. Qxe3 Qxe3 32. Bxe3 h4 33. Ne2 Rf3 34. Ng1 Rxe3
35. f3 e4 36. dxe4 Rxe4 37. Kg2 Re7 38. c3 Bc6 39. Rf2 Re3 40. b4 g5 41. Rf1 Rf4
42. Rf2 Bb5 43. Kh2 Re1 44. Kg2 c6 45. Rd2 d5 46. Rf2 d4 47. Rd2 d3 48. Kf2 Rc1
49. Kg2 Rc2 50. Rxc2 dxc2 51. c4 Qc1 52. cxb5 Qxb2+ 53. Kf1 Rc4 54. Ne2 Rc2 55.
Kf2 Rxe2+ 56. Kf1 Rc2 57. bxa6 Rc1# 0-1

[Event "Druzynowe Mistrzostwa Polski Juniorow 2018 - II Liga"]
[Site "Szczyrk"]
[Date "1899-12-30"]
[Round "9.54"]
[White "Czerwinska, Oliwia"]
[Black "Pawlowska, Emilia"]
[Result "1/2-1/2"]
[WhiteTitle "I"]
[BlackTitle "II"]
[WhiteElo "1245"]
[BlackElo "1225"]

1. e4 e5 2. Nf3 Nc6 3. Bc4 Be7 4. Nc3 Nf6 5. d3 d6 6. Bg5 h6 7. Bh4 Bg4 8. h3 Bh5
9. g4 Bg6 10. Nd2 h5 11. Bxf6 Bxf6 12. Nb3 Qd7 13. f3 hxg4 14. fxg4 Bh4+ 15. Kf1
Bh7 16. Qf3 g6 17. Ke2 Rf8 18. Raf1 f6 19. Kd1 O-O-O 20. Ne2 f5 21. gxf5 gxf5
22. Qh5 Qe7 23. exf5 Bg5 24. Be6+ Kb8 25. h4 Bf6 26. Ng3 Bg8 27. Ne4 Bxe6 28.
fxe6 Rh8 29. Qf7 Bxh4 30. Qxe7 Bxe7 31. Rxh8 Rxh8 32. Rf7 Re8 33. Nf6 Bxf6 34.
Rxf6 Nd8 35. d4 Rxe6 36. Rxe6 Nxe6 37. dxe5 dxe5 38. Ke2 Kc8 39. Ke3 Kd7 40. Na5
Nc5 41. b4 Na6 42. a3 b6 43. Nc4 Ke6 44. Ke4 c5 45. c3 Nc7 46. Nxe5 Nb5 47. Nc6
Nxc3+ 48. Kd3 cxb4 49. axb4 Nb5 50. Kc4 Nd6+ 51. Kb3 Nc8 52. Kc4 Kd6 53. Nd4 a6
54. Kb3 Kd5 55. Nf5 Ke4 56. Ng7 Kd5 57. Ne8 Kc6 1/2-1/2

[Event "Druzynowe Mistrzostwa Polski Juniorow 2018 - II Liga"]
[Site "Szczyrk"]
[Date "1899-12-30"]
[Round "9.55"]
[White "Krawczyk, Flawian"]
[Black "Kokoszczynski, Jan"]
[Result "0-1"]
[WhiteTitle "II"]
[BlackTitle "k"]
[WhiteElo "1425"]
[BlackElo "2111"]

1. e4 c5 2. Nf3 Nc6 3. Bb5 g6 4. O-O Bg7 5. c3 Nf6 6. Re1 O-O 7. e5 Nd5 8. d4 cxd4
9. cxd4 d6 10. exd6 Qxd6 11. Nc3 Bg4 12. Bxc6 bxc6 13. Nxd5 cxd5 14. Be3 f5 15.
Qa4 Bxf3 16. gxf3 f4 17. Bd2 Rab8 18. Qxa7 Bf6 19. Qc5 Qxc5 20. dxc5 Bxb2 21.
Rab1 e5 22. a4 Bd4 23. Rb5 Rbc8 24. Rc1 Rf6 25. a5 Rfc6 26. Bb4 Kf7 27. Rb7+ Ke6
28. Rxh7 Bxc5 29. Rxc5 Rxc5 30. Bxc5 Rxc5 31. a6 Rc1+ 32. Kg2 Ra1 33. Rg7 d4 34.
Rxg6+ Kd5 35. Rg8 Rxa6 36. Kf1 Kc4 37. Rb8 Kc3 38. Rc8+ Kd2 39. Rc5 Re6 40. Ra5
d3 41. Ra2+ Kc3 42. Ra3+ Kc2 43. Ra2+ Kb3 44. Rd2 e4 45. fxe4 Kc3 46. Ra2 d2 47.
Ra3+ Kb2 48. Rd3 Kc2 0-1

[Event "Druzynowe Mistrzostwa Polski Juniorow 2018 - II Liga"]
[Site "Szczyrk"]
[Date "1899-12-30"]
[Round "9.56"]
[White "Golecki, Jan"]
[Black "Kupiecki, Szymon"]
[Result "1-0"]
[WhiteTitle "I++"]
[BlackTitle "I"]
[WhiteElo "2001"]
[BlackElo "1644"]

1. e4 e5 2. Nf3 Nc6 3. Bb5 a6 4. Ba4 Nf6 5. d3 b5 6. Bb3 Bc5 7. O-O O-O 8. Bg5
h6 9. Be3 Bb6 10. Nbd2 d6 11. Bxb6 cxb6 12. c3 Be6 13. Re1 Re8 14. d4 Bxb3 15.
Nxb3 a5 16. Qd3 b4 17. d5 Ne7 18. cxb4 axb4 19. Qb5 Qd7 20. Qxb6 Reb8 21. Qe3
Ra4 22. Nfd2 Rba8 23. Nc4 Nc8 24. Nc1 Qb5 25. b3 R4a6 26. Qd2 Rb8 27. Nd3 Nd7
28. f4 f6 29. fxe5 fxe5 30. Rf1 Nf6 31. Rxf6 gxf6 32. Qxh6 Qe8 33. Qxf6 Rb7 34.
Ndxe5 1-0

[Event "Druzynowe Mistrzostwa Polski Juniorow 2018 - II Liga"]
[Site "Szczyrk"]
[Date "1899-12-30"]
[Round "9.57"]
[White "Niedbala, Bartlomiej"]
[Black "Szemplinski, Jerzy"]
[Result "1-0"]
[WhiteTitle "I++"]
[BlackTitle "II"]
[WhiteElo "2001"]
[BlackElo "1411"]

1. g3 d5 2. Bg2 Nc6 3. c4 Nf6 4. cxd5 Nxd5 5. Nc3 Nxc3 6. bxc3 e5 7. Qc2 Bc5 8.
Nf3 O-O 9. O-O f5 10. d3 f4 11. Bb2 Kh8 12. Rad1 Bf5 13. Qa4 Qd7 14. d4 exd4 15.
cxd4 Bd6 16. Qb3 Rab8 17. Ne5 Bxe5 18. dxe5 Qe8 19. gxf4 Qg6 20. Qg3 Qf7 21. e4
Be6 22. f5 Bc8 23. f4 Rg8 24. Rf3 b5 25. Qh4 Rb6 26. Qxh7+ 1-0

[Event "Druzynowe Mistrzostwa Polski Juniorow 2018 - II Liga"]
[Site "Szczyrk"]
[Date "1899-12-30"]
[Round "9.58"]
[White "Kazmierowski, Tymon"]
[Black "Lichorad, Mateusz"]
[Result "0-1"]
[WhiteTitle "II"]
[BlackTitle "I"]
[WhiteElo "1452"]
[BlackElo "1770"]

1. e4 c5 2. Nf3 e6 3. c3 Nc6 4. d4 d5 5. exd5 Qxd5 6. Na3 Qd8 7. Bf4 Nf6 8. dxc5
Qxd1+ 9. Rxd1 Bxc5 10. Nb5 O-O 11. Be2 Nd5 12. Bg3 a6 13. Nd6 Rd8 14. Ne4 Be7
15. Nd4 Nxd4 16. Rxd4 f5 17. Nd2 Bf6 18. Rxd5 exd5 19. Bd3 Re8+ 20. Kd1 g6 21.
h4 Be6 22. h5 g5 23. f4 g4 24. Nb3 d4 25. Nxd4 Rad8 26. Bf2 b5 27. Kc2 Kf7 28.
Re1 Bxd4 29. Bxd4 Bc4 30. Rd1 Bxd3+ 31. Kxd3 Re6 32. Rc1 Rd7 33. Rd1 Ke8 34. Rc1
Kd8 35. Rd1 Kc7 36. Rc1 Kb7 37. Rd1 Re8 38. Rc1 Rd6 39. Rd1 g3 40. Rc1 Re4 41.
Rf1 Rh6 42. Rf3 Rxh5 43. Rxg3 Rxf4 44. Ke3 Rg4 45. Rxg4 fxg4 46. Kf4 Rh6 47. Kxg4
Rg6+ 48. Kf3 Kc6 49. g4 Kd5 50. Kf4 a5 51. Kf5 Kc4 52. b3+ Kd3 53. Be5 a4 54.
Bf6 Rg8 55. bxa4 bxa4 56. a3 Kc4 57. Be7 Kxc3 58. Bb4+ Kc4 59. g5 Rg6 60. Bf8
Kd5 61. Bb4 Re6 62. Bf8 Rc6 63. Bb4 Rg6 64. Bf8 Kc4 65. Bb4 Kd4 66. Bf8 Ke3 67.
Be7 Kf3 68. Bf6 Kg3 69. Be5+ Kh4 70. Bf6 Kh5 71. Be7 h6 72. gxh6 Rxh6 73. Bb4
Rb6 74. Ke4 Rxb4+ 75. axb4 a3 76. b5 a2 77. Kd5 Qa1 78. Kc6 Qh1+ 79. Kc7 Qh2+
80. Kb7 Qg2+ 81. Ka7 Qd5 82. b6 Qa5+ 83. Kb7 Kg6 84. Kc6 Qc3+ 85. Kd7 Qd4+ 86.
Kc7 Qc5+ 87. Kb7 Kf6 88. Ka8 Qa5+ 89. Kb7 Ke6 90. Kc8 Qc5+ 91. Kb7 Kd6 92. Kb8
Qxb6+ 93. Ka8 Qb1 0-1

[Event "Druzynowe Mistrzostwa Polski Juniorow 2018 - II Liga"]
[Site "Szczyrk"]
[Date "1899-12-30"]
[Round "9.59"]
[White "Kulpa, Zuzanna"]
[Black "Krzysztynska, Anna"]
[Result "0-1"]
[WhiteTitle "I++"]
[BlackTitle "I+"]
[WhiteElo "1818"]
[BlackElo "1758"]

1. e4 e5 2. Nf3 Nc6 3. Bb5 a6 4. Ba4 Nf6 5. O-O Be7 6. Re1 b5 7. Bb3 O-O 8. a4
b4 9. d3 d6 10. Nbd2 h6 11. h3 Be6 12. Nc4 Nh7 13. c3 Ng5 14. Nxg5 Bxg5 15. d4
exd4 16. cxd4 d5 17. Bxg5 Qxg5 18. Ne3 dxe4 19. d5 Rad8 20. dxe6 Rxd1 21. exf7+
Kh7 22. Raxd1 Ne5 23. Ng4 Nxf7 24. Rd5 Qe7 25. Bc2 Nd6 26. f3 Qf7 27. Rd4 Kh8
28. Bxe4 Nxe4 29. Rdxe4 c5 30. Ne5 Qe8 31. Rc1 Kh7 32. b3 Qc8 33. Rec4 Qf5 34.
Rxc5 Re8 35. Ng4 Qf4 36. R5c4 Qg3 37. Rf1 Re1 38. Rxb4 Rxf1+ 39. Kxf1 Qd6 40.
Re4 Qd1+ 41. Kf2 Qxb3 42. Ne5 Qd5 43. Ng4 Qd2+ 44. Kg3 h5 45. Ne3 Qe1+ 46. Kf4
Qh4+ 47. Ke5 Qd8 48. Kf4 Qd6+ 49. Re5 Qd4+ 50. Re4 Qd6+ 51. Re5 g5+ 52. Kf5 Qg6#
0-1

[Event "Druzynowe Mistrzostwa Polski Juniorow 2018 - II Liga"]
[Site "Szczyrk"]
[Date "1899-12-30"]
[Round "9.61"]
[White "Bujalski, Mateusz"]
[Black "Laszczak, Przemyslaw"]
[Result "1-0"]
[WhiteTitle "I"]
[BlackTitle "k"]
[WhiteElo "1804"]
[BlackElo "1990"]

1. e4 c5 2. Nf3 d6 3. d4 cxd4 4. Nxd4 Nf6 5. Nc3 g6 6. Be3 Bg7 7. Be2 O-O 8. Qd2
Nc6 9. O-O-O d5 10. Nxc6 bxc6 11. exd5 cxd5 12. Nxd5 Nxd5 13. Qxd5 Qc7 14. Qxa8
Bf5 15. Qxf8+ Kxf8 16. Bd3 Be6 17. Kb1 Qe5 18. Bc1 Qa5 19. a3 f5 20. Rhe1 Kf7
21. c4 Qb6 22. Re2 Qb3 23. Rc2 Bd4 24. f3 Be5 25. f4 Bd6 26. Be2 Qb8 27. Bf3 Bxf4
28. Bxf4 Qxf4 29. Bd5 Bxd5 30. Rxd5 Qe4 31. Rd7 a5 32. c5 Qe1+ 33. Rc1 Qe4+ 34.
Ka1 Qc6 35. Rd3 a4 36. Rd4 Ke8 37. Rb4 Kd8 38. Rb6 Qc7 39. Ra6 Qf4 40. Rd1+ Kc7
41. c6 Qc4 42. Rd7+ Kb8 43. Rb7+ Kc8 44. Ra8# 1-0

[Event "Druzynowe Mistrzostwa Polski Juniorow 2018 - II Liga"]
[Site "Szczyrk"]
[Date "1899-12-30"]
[Round "9.62"]
[White "Trybus, Daniel"]
[Black "Pancewicz, Szymon"]
[Result "1-0"]
[WhiteTitle "I+"]
[BlackTitle "II"]
[WhiteElo "1793"]
[BlackElo "1465"]

1. d4 Nf6 2. Nf3 g6 3. c4 Bg7 4. Nc3 O-O 5. Bg5 d6 6. e3 c5 7. Be2 h6 8. Bh4 Nbd7
9. Qc2 Nh5 10. O-O g5 11. Bg3 Nxg3 12. hxg3 f5 13. Bd3 e6 14. d5 Ne5 15. Nxe5
dxe5 16. Rad1 Qc7 17. Rd2 Bd7 18. Rfd1 Rad8 19. Be2 a6 20. Bh5 Be8 21. Bxe8 Rfxe8
22. dxe6 Rxd2 23. Rxd2 e4 24. Rd7 Qc6 25. Nd5 Qxe6 26. Rxb7 Qe5 27. Qa4 Re6 28.
Qd7 a5 29. Ne7+ Kh7 30. Nxf5 Rg6 31. Nxg7 Rxg7 32. Qxg7+ Qxg7 33. Rxg7+ Kxg7 34.
f3 Kf6 35. Kf2 Ke5 36. f4+ Kf5 37. b3 h5 38. Kg1 Kg4 39. Kh2 h4 40. fxg5 hxg3+
41. Kg1 Kxg5 42. Kf1 Kf5 43. Ke2 Ke5 44. Kd2 Kd6 45. a3 a4 46. b4 Kc6 47. bxc5
Kxc5 48. Kc3 Kd6 49. Kd4 Kc6 50. Kxe4 Kc5 51. Kd3 Kd6 52. Kd4 Kc6 53. e4 Kd6 54.
e5+ Ke6 55. c5 Kd7 56. Kd5 Kc7 57. c6 Kc8 58. Kd6 1-0

[Event "Druzynowe Mistrzostwa Polski Juniorow 2018 - II Liga"]
[Site "Szczyrk"]
[Date "1899-12-30"]
[Round "9.63"]
[White "Kycia, Marek"]
[Black "Syrkiewicz, Michal"]
[Result "0-1"]
[WhiteTitle "II+"]
[BlackTitle "II+"]
[WhiteElo "1388"]
[BlackElo "1799"]

1. e4 e6 2. d4 d5 3. Nc3 Bb4 4. e5 c5 5. a3 Bxc3+ 6. bxc3 Qc7 7. h4 Ne7 8. Nf3
Bd7 9. Be2 Nbc6 10. Bb2 Rc8 11. h5 h6 12. Rh4 Nf5 13. Rg4 Nce7 14. Bd3 Qa5 15.
Kf1 Bb5 16. Rf4 Nc6 17. Kg1 Bxd3 18. cxd3 cxd4 19. cxd4 Qc7 20. a4 Nb4 21. Ba3
a5 22. Qd2 Nc6 23. g4 Nfe7 24. Rb1 Ra8 25. Qb2 Nd8 26. Bd6 Qd7 27. Qa3 Nc8 28.
Rc1 Nc6 29. g5 Nxd6 30. exd6 Rc8 31. Ne5 Nxe5 32. Rxc8+ Qxc8 33. dxe5 hxg5 34.
Rf3 Rxh5 35. d4 Qc4 36. Rc3 Qxd4 37. Rc8+ Kd7 38. Rc7+ Kd8 39. Qf3 Qa1+ 40. Kg2
Qh1+ 41. Kg3 Qh3# 0-1

[Event "Druzynowe Mistrzostwa Polski Juniorow 2018 - II Liga"]
[Site "Szczyrk"]
[Date "1899-12-30"]
[Round "9.64"]
[White "Czarnomski, Dominik"]
[Black "Sidorczuk, Pawel"]
[Result "0-1"]
[WhiteTitle "II+"]
[BlackTitle "II"]
[WhiteElo "1454"]
[BlackElo "1393"]

1. e4 e5 2. Nf3 Nc6 3. Bc4 Be7 4. Nc3 Nf6 5. d4 exd4 6. Nxd4 d6 7. f3 O-O 8. Be3
Nxd4 9. Qxd4 Be6 10. g4 Nd7 11. O-O-O c5 12. Qd2 Bxc4 13. b3 Be6 14. Rdg1 Ne5
15. Qg2 Qa5 16. Kb2 Bf6 17. Bd2 Nc6 18. f4 Bd4 19. f5 Bd7 20. g5 b5 21. g6 fxg6
22. fxg6 b4 23. gxh7+ Kh8 24. Kb1 bxc3 25. Be3 Qa3 26. Bc1 Qb4 27. h4 Rf7 28.
h5 Ne5 29. a3 Qb8 30. Bf4 Ng4 31. h6 Rxf4 32. hxg7+ Bxg7 0-1

[Event "Druzynowe Mistrzostwa Polski Juniorow 2018 - II Liga"]
[Site "Szczyrk"]
[Date "1899-12-30"]
[Round "9.65"]
[White "Tkaczyk, Weronika"]
[Black "Nowacka, Dorota"]
[Result "1/2-1/2"]
[WhiteTitle "I++"]
[BlackTitle "I"]
[WhiteElo "1502"]
[BlackElo "1279"]

1. Nf3 c5 2. g3 Nc6 3. d4 cxd4 4. Nxd4 g6 5. Nxc6 bxc6 6. c4 Bg7 7. Qc2 Rb8 8.
Nc3 e6 9. Bg2 Ne7 10. O-O O-O 11. b3 d5 12. cxd5 cxd5 13. Bb2 Ba6 14. Rac1 Qa5
15. Rfd1 Rbc8 16. Qd2 Rfd8 17. e3 Nf5 18. Na4 Rxc1 19. Bxc1 Qxd2 20. Bxd2 Rc8
21. Rc1 Rxc1+ 22. Bxc1 d4 23. exd4 Nxd4 24. Be3 Bd3 25. Nc5 Bb1 26. a4 a5 27.
Bf1 Nc6 28. Bc4 Bc3 29. Kf1 Ne5 30. Be2 Kf8 31. f4 Nc6 32. Bc4 1/2-1/2

[Event "Druzynowe Mistrzostwa Polski Juniorow 2018 - II Liga"]
[Site "Szczyrk"]
[Date "1899-12-30"]
[Round "9.66"]
[White "Ziolo, Oliwia"]
[Black "Wolszczak, Natalia"]
[Result "0-1"]
[WhiteTitle "I"]
[BlackTitle "II+"]
[WhiteElo "1130"]
[BlackElo "1079"]

1. e4 e5 2. Nf3 Nc6 3. Bb5 a6 4. Bxc6 dxc6 5. O-O Bg4 6. h3 Bh5 7. d3 Nf6 8. Nbd2
Bd6 9. Re1 O-O 10. c3 c5 11. Qc2 Re8 12. d4 cxd4 13. cxd4 Nd7 14. d5 Rc8 15. Qc3
c6 16. dxc6 Rxc6 17. Qd3 Nc5 18. Qe3 Bc7 19. Rd1 Qf6 20. b3 Rd8 21. Bb2 Nd3 22.
Ba3 Bb6 23. Qe2 Nxf2 24. Kf1 Nxd1 25. Rxd1 Rc2 26. Bb4 Qf4 27. Ke1 Qg3+ 28. Kf1
Bxf3 29. Qxf3 Qxf3+ 30. gxf3 Be3 31. Ke1 Bxd2+ 32. Rxd2 Rdxd2 33. Bxd2 Rxa2 34.
Bc3 f6 35. Bd2 Kf7 36. Ke2 Ke6 37. Kd3 Rxd2+ 38. Kxd2 Kd6 39. Kc3 Kc5 40. b4+
Kb5 41. Kb3 b6 42. h4 a5 43. bxa5 bxa5 44. h5 h6 45. Kc3 a4 46. Kc2 Kb4 47. Kb2
a3+ 48. Kb1 Kb3 49. Ka1 Kc3 50. Ka2 Kd3 0-1

[Event "Druzynowe Mistrzostwa Polski Juniorow 2018 - II Liga"]
[Site "Szczyrk"]
[Date "1899-12-30"]
[Round "9.67"]
[White "Dzwierzynski, Bartosz"]
[Black "Grzegorski, Michal"]
[Result "1/2-1/2"]
[WhiteTitle "I"]
[BlackTitle "II"]
[WhiteElo "1815"]
[BlackElo "1416"]

1. d4 d5 2. c4 e6 3. Nc3 Nf6 4. cxd5 exd5 5. Bg5 c6 6. Qc2 Be6 7. e3 Nbd7 8. Bd3
Bd6 9. Nge2 Qc7 10. Rc1 Rc8 11. Bf4 a6 12. Bxd6 Qxd6 13. Ng3 O-O 14. O-O Rfe8
15. Na4 Rc7 16. a3 b5 17. Nc5 Nxc5 18. Qxc5 Qxc5 19. Rxc5 Nd7 20. Rc3 c5 21. dxc5
Rxc5 22. Rfc1 Rec8 23. Rxc5 Rxc5 24. Rxc5 Nxc5 25. Bc2 g6 26. Ne2 Ne4 27. Bxe4
dxe4 28. Nc3 f5 29. Kf1 Kf7 30. Ke2 Ke7 31. Kd2 Kd6 32. b4 Bc4 1/2-1/2

[Event "Druzynowe Mistrzostwa Polski Juniorow 2018 - II Liga"]
[Site "Szczyrk"]
[Date "1899-12-30"]
[Round "9.68"]
[White "Jedraszek, Pawel"]
[Black "Kiszka, Arkadiusz"]
[Result "1/2-1/2"]
[WhiteTitle "I"]
[BlackTitle "II"]
[WhiteElo "1507"]
[BlackElo "1592"]

1. e4 c5 2. Nf3 d6 3. d4 cxd4 4. Nxd4 Nf6 5. Nc3 g6 6. Be3 Bg7 7. f3 O-O 8. Qd2
Nc6 9. g4 Be6 10. O-O-O Nxd4 11. Bxd4 Qa5 12. Kb1 Rac8 13. Nd5 Qa4 14. Nxe7+ Kh8
15. b3 Qa3 16. Bb2 Qc5 17. Nxc8 Rxc8 18. c4 Rd8 19. h4 h5 20. g5 Ne8 21. Bxg7+
Nxg7 22. Qd4 Qa3 23. Bh3 Kg8 24. Qf6 Rc8 25. Bxe6 Nxe6 26. f4 Rc6 27. f5 Nf8 28.
Rhf1 d5 29. Qe5 dxc4 30. fxg6 cxb3 31. gxf7+ Kh7 32. Qf5+ Kg7 33. Qe5+ Kh7 34.
Qf5+ Kg7 35. Qe5+ Kh7 1/2-1/2

[Event "Druzynowe Mistrzostwa Polski Juniorow 2018 - II Liga"]
[Site "Szczyrk"]
[Date "1899-12-30"]
[Round "9.69"]
[White "Tokarz, Izabela"]
[Black "Rosinski, Filip"]
[Result "1-0"]
[WhiteTitle "I"]
[BlackTitle "II"]
[WhiteElo "1411"]
[BlackElo "1345"]

1. d4 d5 2. c4 c6 3. Nf3 Nf6 4. Nc3 Bg4 5. e3 e6 6. Be2 Nbd7 7. Nd2 Bxe2 8. Qxe2
Qc7 9. e4 Be7 10. cxd5 cxd5 11. e5 Ng8 12. O-O Bb4 13. Qd3 Ne7 14. Nb3 Nc6 15.
Bd2 a6 16. Rac1 Qb6 17. Ne2 Bxd2 18. Qxd2 O-O 19. Kh1 Rac8 20. f4 Ne7 21. g4 Rxc1
22. Rxc1 f6 23. Qc2 fxe5 24. dxe5 Qf2 25. Nbd4 Nb6 26. b3 Ng6 27. Qd3 Nxf4 28.
Nxf4 Qxf4 29. Rc7 Qxe5 30. Rxb7 Qe1+ 31. Kg2 Nc8 32. Qe2 Qxe2+ 33. Nxe2 Rf7 34.
Rb8 Rc7 35. Nd4 Kf7 36. Kg3 e5 37. Nf3 Rc3 38. Kg2 e4 39. Ng5+ Kg6 40. Ne6 Kf6
41. Nf8 Kg5 42. Nxh7+ Kxg4 43. Nf8 Rc2+ 44. Kf1 e3 45. Ne6 g5 46. Rb4+ Kh5 47.
h3 Rxa2 48. Rg4 Rf2+ 49. Ke1 Rd2 50. Nxg5 d4 51. Nf3 Rf2 52. Nxd4 Nd6 53. Rg3
Rd2 54. Ne6 Rd3 55. Nf4+ Kh4 56. Rg4# 1-0

[Event "Druzynowe Mistrzostwa Polski Juniorow 2018 - II Liga"]
[Site "Szczyrk"]
[Date "1899-12-30"]
[Round "9.70"]
[White "Wawrzyniak, Karol"]
[Black "Gaj, Magdalena"]
[Result "1-0"]
[WhiteTitle "II"]
[BlackTitle "I"]
[WhiteElo "1222"]
[BlackElo "1531"]

1. e4 c6 2. d4 d5 3. Nc3 dxe4 4. Nxe4 Bf5 5. Ng3 Bg6 6. Nf3 Nf6 7. Bd3 Bxd3 8.
Qxd3 e6 9. Bd2 Qc7 10. O-O-O Nbd7 11. Rhe1 Bd6 12. Kb1 O-O 13. c4 Rad8 14. Bc3
Bf4 15. Qc2 b5 16. Bb4 Rfe8 17. cxb5 cxb5 18. Qxc7 Bxc7 19. Ne4 Nxe4 20. Rxe4
a5 21. Bd2 Nf6 22. Re2 Nd5 23. Ne5 b4 24. Rc1 Bb6 25. Be3 a4 26. Rec2 a3 27. bxa3
Nc3+ 28. Kb2 Bxd4 29. Bxd4 Rxd4 30. axb4 Nd5 31. a3 Re4 32. Nd7 h6 33. Rc8 Rxc8
34. Rxc8+ Kh7 35. b5 Re2+ 36. Rc2 Re4 37. b6 Nxb6 38. Nxb6 Re5 39. a4 1-0

[Event "Druzynowe Mistrzostwa Polski Juniorow 2018 - II Liga"]
[Site "Szczyrk"]
[Date "1899-12-30"]
[Round "9.71"]
[White "Trybowska, Barbara"]
[Black "Piotrowska, Florentyna"]
[Result "1-0"]
[WhiteTitle "I++"]
[BlackTitle "I"]
[WhiteElo "1755"]
[BlackElo "1259"]

1. e4 e5 2. Nf3 Nc6 3. Bb5 a6 4. Ba4 Nf6 5. O-O d6 6. Re1 b5 7. Bb3 Be7 8. h3 O-O
9. c3 Na5 10. Bc2 c5 11. d4 Qc7 12. Nbd2 Bd7 13. Nf1 Rac8 14. d5 Nb7 15. b3 c4
16. b4 h6 17. Be3 Qd8 18. Ng3 Nh7 19. Nh2 Bg5 20. Nhf1 Ra8 21. Qe2 Bxe3 22. Nxe3
Qg5 23. Nef5 g6 24. Ne3 Qe7 25. Rf1 Qg5 26. Rfe1 Qe7 27. a4 Ng5 28. Ra2 Rfc8 29.
Rea1 Qd8 30. Qf1 Nh7 31. Kh2 Kg7 32. Ne2 Rcb8 33. f4 exf4 34. Qxf4 Qf6 35. axb5
Qxf4+ 36. Nxf4 Bxb5 37. Ne2 Re8 38. Nd4 Rab8 39. Nxb5 axb5 40. Ra6 Nf6 41. Rb6
Nxe4 42. Nd1 f5 43. Rxb5 Rec8 44. Ra7 Rc7 45. Bxe4 fxe4 46. Ne3 Kf8 47. Kg3 g5
48. Nf5 Ke8 49. Nxd6+ Nxd6 50. Rxb8+ Kd7 51. Rxc7+ Kxc7 52. Rh8 Kd7 53. Rh7+ Ke8
54. Kf2 Nf5 55. g4 Ne7 56. Rxe7+ Kxe7 57. Ke3 Kd6 58. Kxe4 Ke7 59. Ke5 Kd7 60.
d6 1-0

[Event "Druzynowe Mistrzostwa Polski Juniorow 2018 - II Liga"]
[Site "Szczyrk"]
[Date "1899-12-30"]
[Round "9.72"]
[White "Jedrzejewska, Zuzanna"]
[Black "Wojtowicz, Gabriela"]
[Result "1-0"]
[WhiteTitle "I"]
[BlackTitle "II"]
[WhiteElo "1242"]
[BlackElo "1000"]

1. e4 c5 2. Nf3 d6 3. d4 cxd4 4. Nxd4 Nf6 5. Nc3 g6 6. Be3 Bg7 7. Qd2 Nc6 8. f3
O-O 9. O-O-O a6 10. h4 Be6 11. Nxe6 fxe6 12. Bc4 Qc8 13. g4 Ne5 14. Be2 b5 15.
h5 Qc6 16. hxg6 Nxg6 17. Bh6 b4 18. Nb1 a5 19. Bxg7 Kxg7 20. Qh6+ Kf7 21. g5 Rac8
22. Rd2 Rh8 23. gxf6 exf6 24. Qe3 a4 25. f4 f5 26. Bf3 fxe4 27. Bxe4 d5 28. Bxg6+
hxg6 29. Rxh8 Rxh8 30. Rd1 Rc8 31. Qd3 Rb8 32. Rh1 b3 33. Rh7+ Kf6 34. Qd4+ Kf5
35. Qe5+ Kg4 36. Qg5+ Kf3 37. Rh3+ Kf2 38. Qg3+ Ke2 39. Rh2+ Kf1 40. Qf2# 1-0

[Event "Druzynowe Mistrzostwa Polski Juniorow 2018 - II Liga"]
[Site "Szczyrk"]
[Date "1899-12-30"]
[Round "9.73"]
[White "Slomczewski, Michal"]
[Black "Kus, Aleksander"]
[Result "1-0"]
[WhiteTitle "I+"]
[BlackTitle "k"]
[WhiteElo "2068"]
[BlackElo "1934"]

1. Nf3 Nf6 2. c4 g6 3. b4 Bg7 4. Bb2 O-O 5. g3 d6 6. Bg2 a5 7. b5 e5 8. d3 Nbd7
9. O-O Nc5 10. e3 e4 11. dxe4 Ncxe4 12. Nc3 Nc5 13. Nd4 Re8 14. Nd5 Bd7 15. Rb1
Nxd5 16. Bxd5 Be6 17. Bxe6 Nxe6 18. Nxe6 Rxe6 19. Bxg7 Kxg7 20. Qd4+ Qf6 21. Rfd1
b6 22. Qxf6+ Kxf6 23. Rd4 Re5 24. h4 h5 25. Kg2 Rae8 26. Rbd1 Kg7 27. Kf3 f5 28.
Rd5 Kf6 29. Rxe5 Rxe5 30. Rd4 Ke6 31. Kf4 Kf6 32. f3 Rc5 33. a4 Re5 34. e4 fxe4
35. Rxe4 Rc5 36. Ke3 Kf7 37. Kd4 Kf8 38. g4 hxg4 39. Rxg4 Kf7 40. Rg5 Rxg5 41.
hxg5 Ke6 42. Ke4 Ke7 43. f4 Ke6 44. f5+ gxf5+ 45. Kf4 d5 46. cxd5+ Kxd5 47. Kxf5
c6 48. bxc6 Kxc6 49. g6 b5 50. axb5+ Kxb5 51. g7 Kb4 52. Qg8 a4 53. Qa2 a3 54.
Ke4 1-0